000 01251nam a2200277Ia 4500
999 _c53429
_d53429
001 20472
003 GE_BSU
005 20201212190450.0
008 181216s1969||||ge |||||||||||||| ||geo||
040 _cGE_BSU
041 _ageo
080 _a811.353.1'36(075.3) შ-21
100 _aშანიძე, აკაკი
_99921
245 _aქართული ენის გრამატიკა : ნაწ. 1 : ფონეტიკა და მორფოლოგია /
_bაკაკი შანიძე, ი. იმნაიშვილი, ლ. კვაჭაძე ; რედ. ე. პოლოლიკაშვილი.
264 _aთბილისი :
_bგანათლება,
_c1969.
300 _a170 გვ. ;
_c22 სმ.
541 _h38თ.
653 _aფონეტიკა
653 _aმორფოლოგია
653 _aქართული ენა
653 _aქართული ენის გრამატიკა
700 _a იმნაიშვილი, ი.
_eავტორი
_99922
700 _aკვაჭაძე, ლ.
_99923
700 _aპოლოლიკაშვილი, ე.
_eრედაქტორი
_94959
942 _cBK
_2udc